[Event "95th Caplin Hastings Congress"]
[Site "Hastings"]
[Date "2020.01.04"]
[Round "8.10"]
[White "Bates, Richard A"]
[Black "Gormally, Daniel W"]
[Result "1/2-1/2"]
[WhiteElo "2351"]
[BlackElo "2508"]
[Annotator "ChessBase"]
[PlyCount "80"]
[EventDate "2019.12.28"]
[EventType "swiss"]
[EventCountry "ENG"]
[SourceTitle "playchess.com"]
[Source "ChessBase"]
[SourceQuality "1"]
[TimeControl "40/6600+30:3000+30"]

1. d4 {[%emt 0:10:15]} Nf6 {[%emt 0:09:36]} 2. Nf3 {[%emt 0:00:42]} g6 {[%emt 0:00:04]} 3. g3 {[%emt 0:00:53]} Bg7 {[%emt 0:00:08]} 4. c4 {[%emt 0:01:20]} O-O {[%emt 0:00:12]} 5. Bg2 {[%emt 0:00:05]} d6 {[%emt 0:00:03]} 6. O-O {[%emt 0:00:18]} Nbd7 {[%emt 0:00:12]} 7. Nc3 {[%emt 0:00:44]} e5 {[%emt 0:00:44]} 8. e4 {[%emt 0:00:49]} c6 {[%emt 0:00:06]} 9. b3 {[%emt 0:02:33]} exd4 {[%emt 0:01:10]} 10. Nxd4 {[%emt 0:00:33]} Re8 {[%emt 0:00:05]} 11. h3 {[%emt 0:03:31]} Nc5 {[%emt 0:07:16]} 12. Re1 {[%emt 0:01:29]} a5 {[%emt 0:00:19]} 13. Rb1 {[%emt 0:04:59]} h5 {[%emt 0:11:00]} 14. Bg5 {[%emt 0:13:13]} Qb6 {[%emt 0:01:51]} 15. Be3 {[%emt 0:03:38]} Qb4 {[%emt 0:01:38]} 16. Ncb5 {[%emt 0:21:34]} Ncxe4 {[%emt 0:15:53]} 17. Nc2 {[%emt 0:07:27]} Qxe1+ {[%emt 0:03:21]} 18. Qxe1 {[%emt 0:03:20]} cxb5 {[%emt 0:00:04]} 19. cxb5 {[%emt 0:01:26]} a4 {[%emt 0:01:59]} 20. bxa4 {[%emt 0:06:03]} Rxa4 {[%emt 0:00:16]} 21. a3 {[%emt 0:01:52]} Nd5 {[%emt 0:04:29]} 22. Nb4 {[%emt 0:04:58]} Ndc3 {[%emt 0:03:33]} 23. Rc1 {[%emt 0:03:24]} Rxa3 {[%emt 0:01:35]} 24. Bxe4 {[%emt 0:03:18]} Nxe4 {[%emt 0:08:41]} 25. Nd5 {[%emt 0:02:00]} Bf5 {[%emt 0:05:21]} 26. Qb4 {[%emt 0:02:27]} Rd3 {[%emt 0:07:01]} 27. Nf4 {[%emt 0:03:37]} Nc5 {[%emt 0:09:20]} 28. g4 {[%emt 0:06:34]} hxg4 {[%emt 0:01:49]} 29. hxg4 {[%emt 0:00:04]} Be4 {[%emt 0:06:40]} 30. Nxd3 {[%emt 0:06:48]} Nxd3 {[%emt 0:00:30]} 31. Qxd6 {[%emt 0:00:11]} Nxc1 {[%emt 0:00:40]} 32. Bxc1 {[%emt 0:00:15]} Bf3 {[%emt 0:00:04]} 33. Be3 {[%emt 0:01:24]} Be5 {[%emt 0:00:03]} 34. Qd7 {[%emt 0:00:47]} Re6 {[%emt 0:06:29]} 35. Bd4 {[%emt 0:01:47]} Bxd4 {[%emt 0:00:36]} 36. Qxd4 {[%emt 0:00:15]} Re4 {[%emt 0:00:06]} 37. Qf6 {[%emt 0:01:09]} Rxg4+ {[%emt 0:03:46]} 38. Kf1 {[%emt 0:00:22]} Bg2+ {[%emt 0:01:33]} 39. Ke2 {[%emt 0:00:14]} Rb4 {[%emt 0:03:35]} 40. b6 {[%emt 0:01:03]} Bc6 {[%emt 0:00:09]} 1/2-1/2

[Event "95th Caplin Hastings Congress"]
[Site "Hastings"]
[Date "2020.01.04"]
[Round "8.11"]
[White "Swayams, Mishra"]
[Black "Lehaci, Miruna-Daria"]
[Result "1-0"]
[WhiteElo "2479"]
[BlackElo "2214"]
[Annotator "ChessBase"]
[PlyCount "79"]
[EventDate "2019.12.28"]
[EventType "swiss"]
[EventCountry "ENG"]
[SourceTitle "playchess.com"]
[Source "ChessBase"]
[SourceQuality "1"]
[TimeControl "40/6600+30:3000+30"]

1. c4 {[%emt 0:09:39]} e5 {[%emt 0:10:04]} 2. g3 {[%emt 0:00:09]} Nf6 {[%emt 0:00:24]} 3. Bg2 {[%emt 0:00:10]} c6 {[%emt 0:00:04]} 4. Nf3 {[%emt 0:00:24]} e4 {[%emt 0:01:07]} 5. Nd4 {[%emt 0:00:08]} Bc5 {[%emt 0:03:33]} 6. Nb3 {[%emt 0:00:28]} Bb6 {[%emt 0:00:45]} 7. c5 {[%emt 0:00:26]} Bc7 {[%emt 0:02:01]} 8. Nc3 {[%emt 0:00:06]} d5 {[%emt 0:02:31]} 9. cxd6 {[%emt 0:00:16]} Bxd6 {[%emt 0:02:51]} 10. Qc2 {[%emt 0:07:16]} O-O {[%emt 0:08:08]} 11. Nxe4 {[%emt 0:00:57]} Nxe4 {[%emt 0:00:16]} 12. Bxe4 {[%emt 0:03:59]} f5 {[%emt 0:04:48]} 13. Bd3 {[%emt 0:00:12]} Qf6 {[%emt 0:02:57]} 14. f4 {[%emt 0:04:07]} Kh8 {[%emt 0:03:10]} 15. e3 {[%emt 0:04:27]} a5 {[%emt 0:06:22]} 16. O-O {[%emt 0:03:59]} Na6 {[%emt 0:07:36]} 17. Qc3 {[%emt 0:05:24]} Qf7 {[%emt 0:17:07]} 18. Nd4 {[%emt 0:12:46]} Nb4 {[%emt 0:14:54]} 19. Bc4 {[%emt 0:01:14]} Qe8 {[%emt 0:01:06]} 20. b3 {[%emt 0:03:03]} Be7 {[%emt 0:03:31]} 21. Bb2 {[%emt 0:05:08]} Bf6 {[%emt 0:00:26]} 22. a3 {[%emt 0:02:28]} Na6 {[%emt 0:04:54]} 23. Qc2 {[%emt 0:01:41]} Nc5 {[%emt 0:01:08]} 24. Rae1 {[%emt 0:01:55]} Ne4 {[%emt 0:01:24]} 25. Be2 {[%emt 0:06:44]} Qg6 {[%emt 0:03:08]} 26. Bf3 {[%emt 0:02:28]} c5 {[%emt 0:04:32]} 27. Bxe4 {[%emt 0:21:21]} fxe4 {[%emt 0:03:16]} 28. f5 {[%emt 0:03:45]} Qh5 {[%emt 0:03:50]} 29. Qxc5 {[%emt 0:00:12]} Bd7 {[%emt 0:00:20]} 30. Bc3 {[%emt 0:03:02]} Rf7 {[%emt 0:03:12]} 31. Rf2 {[%emt 0:03:04]} Bxd4 {[%emt 0:00:37]} 32. Qxd4 {[%emt 0:00:45]} Re8 {[%emt 0:02:26]} 33. Rf4 {[%emt 0:04:43]} Bc6 {[%emt 0:01:45]} 34. a4 {[%emt 0:02:21]} Kg8 {[%emt 0:00:45]} 35. Ref1 {[%emt 0:00:47]} Qg5 {[%emt 0:00:27]} 36. Bxa5 {[%emt 0:00:59]} Ra8 {[%emt 0:00:48]} 37. Bc3 {[%emt 0:00:08]} Rd8 {[%emt 0:00:10]} 38. Qb6 {[%emt 0:02:19]} Rdf8 {[%emt 0:00:40]} 39. Qc5 {[%emt 0:01:57]} Bd7 {[%emt 0:00:05]} 40. Qc4 {[%emt 0:01:56]} 1-0

[Event "95th Caplin Hastings Congress"]
[Site "Hastings"]
[Date "2020.01.04"]
[Round "8.12"]
[White "Brozel, Sacha"]
[Black "Merry, Alan B"]
[Result "0-1"]
[WhiteElo "2150"]
[BlackElo "2423"]
[Annotator "NA"]
[PlyCount "67"]
[EventDate "2019.12.28"]
[EventType "swiss"]
[EventCountry "ENG"]
[SourceTitle "playchess.com"]
[Source "ChessBase"]
[SourceQuality "1"]
[TimeControl "40/6600+30:3000+30"]

1. c4 {[%emt 0:12:14]} c5 {[%emt 0:09:34]} 2. g3 {[%emt 0:00:08]} g6 {[%emt 0:00:02]} 3. Bg2 {[%emt 0:00:07]} Bg7 {[%emt 0:00:03]} 4. Nc3 {[%emt 0:00:08]} Nc6 {[%emt 0:00:02]} 5. Nf3 {[%emt 0:00:11]} d6 {[%emt 0:00:11]} 6. O-O {[%emt 0:01:10]} Bf5 {[%emt 0:00:01]} 7. d3 {[%emt 0:03:47]} Qd7 {[%emt 0:00:04]} 8. Nd5 {[%emt 0:03:40]} Nf6 {[%emt 0:00:40]} 9. Bd2 {[%emt 0:01:35]} O-O {[%emt 0:05:28]} 10. Bc3 {[%emt 0:03:42]} Nxd5 {[%emt 0:15:17]} 11. cxd5 {[%emt 0:04:06]} Nd4 {[%emt 0:00:03]} 12. Nh4 {[%emt 0:11:55]} Bg4 {[%emt 0:09:54]} 13. f3 {[%emt 0:00:58]} Bh3 {[%emt 0:06:27]} 14. e3 {[%emt 0:01:03]} Bxg2 {[%emt 0:06:15]} 15. Nxg2 {[%emt 0:03:42]} Nb5 {[%emt 0:03:11]} 16. Bxg7 {[%emt 0:00:42]} Kxg7 {[%emt 0:00:05]} 17. d4 {[%emt 0:22:24]} Kg8 {[%emt 0:13:29]} 18. a4 {[%emt 0:06:08]} Nc7 {[%emt 0:00:02]} 19. e4 {[%emt 0:02:02]} Rfd8 {[%emt 0:03:09]} 20. Ne3 {[%emt 0:02:32]} Rac8 {[%emt 0:04:47]} 21. Rc1 {[%emt 0:10:35]} Na6 {[%emt 0:03:01]} 22. b3 {[%emt 0:03:53]} b5 {[%emt 0:07:02]} 23. dxc5 {[%emt 0:01:55]} Nxc5 {[%emt 0:02:12]} 24. a5 {[%emt 0:01:12]} b4 {[%emt 0:06:45]} 25. Nc4 {[%emt 0:00:55]} Qb5 {[%emt 0:02:53]} 26. Rf2 {[%emt 0:10:04]} Rc7 {[%emt 0:02:00]} 27. Ra2 {[%emt 0:03:57]} Rdc8 {[%emt 0:00:30]} 28. Nb2 {[%emt 0:00:49]} Nxb3 {[%emt 0:10:21]} 29. Rxc7 {[%emt 0:00:32]} Rxc7 {[%emt 0:00:03]} 30. Qxb3 {[%emt 0:00:53]} Rc3 {[%emt 0:02:16]} 31. Qa4 {[%emt 0:05:02]} Rc1+ {[%emt 0:02:41]} 32. Nd1 {[%emt 0:01:18]} Qd3 {[%emt 0:01:37]} 33. Kg2 {[%emt 0:01:48]} b3 {[%emt 0:01:38]} 34. Nf2 {[%emt 0:00:52]} 0-1

[Event "95th Caplin Hastings Congress"]
[Site "Hastings"]
[Date "2020.01.04"]
[Round "8.13"]
[White "Cherniaev, Alexander"]
[Black "Balaji, Aaravamudhan"]
[Result "1-0"]
[WhiteElo "2427"]
[BlackElo "2095"]
[Annotator "NA"]
[PlyCount "79"]
[EventDate "2019.12.28"]
[EventType "swiss"]
[EventCountry "ENG"]
[SourceTitle "playchess.com"]
[Source "ChessBase"]
[SourceQuality "1"]
[TimeControl "40/6600+30:3000+30"]

1. b3 {[%emt 0:09:33]} d5 {[%emt 0:09:40]} 2. Bb2 {[%emt 0:00:07]} c5 {[%emt 0:00:05]} 3. e3 {[%emt 0:00:39]} e6 {[%emt 0:00:05]} 4. f4 {[%emt 0:00:54]} Nf6 {[%emt 0:00:07]} 5. Nf3 {[%emt 0:00:06]} Nc6 {[%emt 0:00:07]} 6. Bb5 {[%emt 0:03:09]} Bd6 {[%emt 0:01:31]} 7. Bxc6+ {[%emt 0:00:10]} bxc6 {[%emt 0:00:02]} 8. O-O {[%emt 0:09:26]} O-O {[%emt 0:00:21]} 9. c4 {[%emt 0:11:49]} Qe7 {[%emt 0:06:33]} 10. Ne5 {[%emt 0:10:52]} Bb7 {[%emt 0:02:33]} 11. d3 {[%emt 0:10:51]} Nd7 {[%emt 0:05:13]} 12. Nxd7 {[%emt 0:01:26]} Qxd7 {[%emt 0:00:01]} 13. Nc3 {[%emt 0:02:32]} d4 {[%emt 0:10:09]} 14. Na4 {[%emt 0:05:17]} Rfd8 {[%emt 0:07:23]} 15. Qf3 {[%emt 0:02:12]} Qc7 {[%emt 0:12:50]} 16. Rae1 {[%emt 0:05:55]} Rd7 {[%emt 0:07:06]} 17. Re2 {[%emt 0:06:10]} Rad8 {[%emt 0:02:00]} 18. Ba3 {[%emt 0:00:23]} e5 {[%emt 0:11:16]} 19. exd4 {[%emt 0:04:36]} cxd4 {[%emt 0:02:09]} 20. Bxd6 {[%emt 0:00:16]} Rxd6 {[%emt 0:00:47]} 21. fxe5 {[%emt 0:01:28]} Rg6 {[%emt 0:00:02]} 22. Nc5 {[%emt 0:00:13]} Bc8 {[%emt 0:00:31]} 23. Re4 {[%emt 0:04:51]} a5 {[%emt 0:02:00]} 24. a3 {[%emt 0:02:46]} f5 {[%emt 0:06:10]} 25. exf6 {[%emt 0:00:28]} Rxf6 {[%emt 0:00:03]} 26. Rf4 {[%emt 0:02:24]} Rdf8 {[%emt 0:00:12]} 27. Rxf6 {[%emt 0:00:08]} Rxf6 {[%emt 0:00:02]} 28. Qe4 {[%emt 0:00:12]} Rxf1+ {[%emt 0:00:20]} 29. Kxf1 {[%emt 0:00:02]} Kf7 {[%emt 0:00:12]} 30. h3 {[%emt 0:08:49]} Qd6 {[%emt 0:01:40]} 31. b4 {[%emt 0:00:03]} g6 {[%emt 0:01:09]} 32. Qf3+ {[%emt 0:02:24]} Ke8 {[%emt 0:07:43]} 33. Ne4 {[%emt 0:00:49]} Qe7 {[%emt 0:00:02]} 34. Qf6 {[%emt 0:01:50]} axb4 {[%emt 0:01:07]} 35. Qxc6+ {[%emt 0:01:54]} Kd8 {[%emt 0:00:28]} 36. Qb6+ {[%emt 0:00:43]} Ke8 {[%emt 0:00:02]} 37. axb4 {[%emt 0:01:55]} Qf7+ {[%emt 0:00:46]} 38. Qf6 {[%emt 0:00:33]} Qxf6+ {[%emt 0:00:09]} 39. Nxf6+ {[%emt 0:00:06]} Ke7 {[%emt 0:00:04]} 40. Nxh7 {[%emt 0:01:21]} 1-0

[Event "95th Caplin Hastings Congress"]
[Site "Hastings"]
[Date "2020.01.04"]
[Round "8.14"]
[White "Vaishali R"]
[Black "Sucikova, Svetlana"]
[Result "1-0"]
[WhiteElo "2386"]
[BlackElo "2160"]
[Annotator "ChessBase"]
[PlyCount "105"]
[EventDate "2019.12.28"]
[EventType "swiss"]
[EventCountry "ENG"]
[SourceTitle "playchess.com"]
[Source "ChessBase"]
[SourceQuality "1"]
[TimeControl "40/6600+30:3000+30"]

1. e4 {[%emt 0:09:33]} c6 {[%emt 0:10:22]} 2. d4 {[%emt 0:00:13]} d5 {[%emt 0:00:10]} 3. Nd2 {[%emt 0:00:04]} dxe4 {[%emt 0:00:40]} 4. Nxe4 {[%emt 0:00:06]} Nf6 {[%emt 0:01:13]} 5. Nxf6+ {[%emt 0:00:11]} exf6 {[%emt 0:00:32]} 6. c3 {[%emt 0:00:21]} Bd6 {[%emt 0:00:48]} 7. Bd3 {[%emt 0:00:07]} Qc7 {[%emt 0:02:14]} 8. Ne2 {[%emt 0:02:03]} Bg4 {[%emt 0:02:46]} 9. Qc2 {[%emt 0:04:46]} Nd7 {[%emt 0:03:16]} 10. Be3 {[%emt 0:10:51]} Bh5 {[%emt 0:14:02]} 11. Ng3 {[%emt 0:07:11]} Bg6 {[%emt 0:04:24]} 12. Nf5 {[%emt 0:02:55]} Bxf5 {[%emt 0:08:45]} 13. Bxf5 {[%emt 0:00:04]} g6 {[%emt 0:00:27]} 14. Bd3 {[%emt 0:07:05]} O-O {[%emt 0:09:44]} 15. h4 {[%emt 0:02:42]} Rfe8 {[%emt 0:00:53]} 16. h5 {[%emt 0:01:45]} Nf8 {[%emt 0:07:34]} 17. hxg6 {[%emt 0:07:07]} fxg6 {[%emt 0:00:24]} 18. Bc4+ {[%emt 0:01:09]} Kg7 {[%emt 0:02:20]} 19. O-O-O {[%emt 0:01:00]} Bf4 {[%emt 0:01:09]} 20. Rh3 {[%emt 0:02:10]} Re7 {[%emt 0:08:26]} 21. Qd2 {[%emt 0:13:11]} Bxe3 {[%emt 0:00:31]} 22. fxe3 {[%emt 0:00:07]} Rae8 {[%emt 0:01:15]} 23. Rf1 {[%emt 0:06:22]} Qd6 {[%emt 0:08:25]} 24. Qf2 {[%emt 0:10:29]} Re4 {[%emt 0:02:53]} 25. Bd3 {[%emt 0:02:10]} Rg4 {[%emt 0:06:54]} 26. e4 {[%emt 0:03:19]} Qe7 {[%emt 0:01:48]} 27. Re3 {[%emt 0:16:13]} Ne6 {[%emt 0:07:53]} 28. g3 {[%emt 0:06:07]} Nf8 {[%emt 0:03:02]} 29. Rf3 {[%emt 0:02:38]} Nd7 {[%emt 0:01:49]} 30. Rf4 {[%emt 0:00:22]} Rxf4 {[%emt 0:04:19]} 31. gxf4 {[%emt 0:00:03]} c5 {[%emt 0:02:19]} 32. d5 {[%emt 0:01:04]} c4 {[%emt 0:00:26]} 33. Bc2 {[%emt 0:00:03]} b6 {[%emt 0:01:56]} 34. Rh1 {[%emt 0:01:45]} Nc5 {[%emt 0:02:12]} 35. Qh2 {[%emt 0:01:01]} Kg8 {[%emt 0:00:19]} 36. e5 {[%emt 0:00:53]} f5 {[%emt 0:00:48]} 37. Qg3 {[%emt 0:00:43]} Qd7 {[%emt 0:00:45]} 38. Rd1 {[%emt 0:00:27]} Kh8 {[%emt 0:00:24]} 39. Qh4 {[%emt 0:00:30]} Qe7 {[%emt 0:00:45]} 40. Qh3 {[%emt 0:00:36]} Rd8 {[%emt 0:00:25]} 41. Qe3 {[%emt 0:01:34]} Nb7 {[%emt 0:05:45]} 42. Qd4 {[%emt 0:01:32]} Qc5 {[%emt 0:03:04]} 43. d6 {[%emt 0:06:38]} Kg7 {[%emt 0:04:54]} 44. Qd2 {[%emt 0:04:03]} Rd7 {[%emt 0:01:24]} 45. Qe1 {[%emt 0:04:24]} h6 {[%emt 0:07:22]} 46. Qg3 {[%emt 0:02:28]} Kh7 {[%emt 0:03:11]} 47. Rg1 {[%emt 0:00:48]} Rg7 {[%emt 0:06:35]} 48. Bxf5 {[%emt 0:00:30]} Qxg1+ {[%emt 0:00:09]} 49. Qxg1 {[%emt 0:00:04]} gxf5 {[%emt 0:00:06]} 50. Qd4 {[%emt 0:01:28]} Nc5 {[%emt 0:00:31]} 51. Qxc4 {[%emt 0:00:44]} Rg1+ {[%emt 0:02:56]} 52. Kc2 {[%emt 0:00:17]} Rg2+ {[%emt 0:00:08]} 53. Kd1 {[%emt 0:00:04]} 1-0

[Event "95th Caplin Hastings Congress"]
[Site "Hastings"]
[Date "2020.01.04"]
[Round "8.15"]
[White "Murphy, Conor E"]
[Black "Unnikrishnan, Midhun P"]
[Result "1-0"]
[WhiteElo "2407"]
[BlackElo "2135"]
[Annotator "ChessBase"]
[PlyCount "111"]
[EventDate "2019.12.28"]
[EventType "swiss"]
[EventCountry "ENG"]
[SourceTitle "playchess.com"]
[Source "ChessBase"]
[SourceQuality "1"]
[TimeControl "40/6600+30:3000+30"]

1. e4 {[%emt 0:09:38]} e5 {[%emt 0:09:40]} 2. Nf3 {[%emt 0:00:14]} Nc6 {[%emt 0:00:06]} 3. d4 {[%emt 0:00:11]} exd4 {[%emt 0:00:06]} 4. Nxd4 {[%emt 0:00:06]} Nf6 {[%emt 0:00:04]} 5. Nxc6 {[%emt 0:00:22]} bxc6 {[%emt 0:00:08]} 6. e5 {[%emt 0:00:07]} Qe7 {[%emt 0:00:09]} 7. Qe2 {[%emt 0:00:07]} Nd5 {[%emt 0:00:06]} 8. c4 {[%emt 0:00:08]} Ba6 {[%emt 0:00:08]} 9. Nd2 {[%emt 0:00:34]} g6 {[%emt 0:01:50]} 10. Nf3 {[%emt 0:00:57]} Bg7 {[%emt 0:00:56]} 11. Bg5 {[%emt 0:03:14]} f6 {[%emt 0:06:35]} 12. exf6 {[%emt 0:00:54]} Qxe2+ {[%emt 0:03:53]} 13. Bxe2 {[%emt 0:00:11]} Nxf6 {[%emt 0:00:08]} 14. O-O-O {[%emt 0:00:41]} O-O-O {[%emt 0:03:11]} 15. Rhe1 {[%emt 0:02:31]} Rde8 {[%emt 0:10:45]} 16. Nd2 {[%emt 0:02:52]} c5 {[%emt 0:08:12]} 17. Bf3 {[%emt 0:01:33]} Bb7 {[%emt 0:02:23]} 18. Bxb7+ {[%emt 0:06:22]} Kxb7 {[%emt 0:00:08]} 19. f3 {[%emt 0:01:11]} d6 {[%emt 0:05:34]} 20. Kc2 {[%emt 0:04:40]} Nd7 {[%emt 0:06:03]} 21. b3 {[%emt 0:14:14]} Ne5 {[%emt 0:23:35]} 22. Re4 {[%emt 0:07:08]} Kc8 {[%emt 0:04:57]} 23. h4 {[%emt 0:06:24]} Kd7 {[%emt 0:03:06]} 24. h5 {[%emt 0:03:19]} Nc6 {[%emt 0:05:02]} 25. h6 {[%emt 0:07:42]} Nb4+ {[%emt 0:02:01]} 26. Kb1 {[%emt 0:00:23]} Bd4 {[%emt 0:01:06]} 27. Rde1 {[%emt 0:06:16]} Rxe4 {[%emt 0:01:15]} 28. Rxe4 {[%emt 0:01:13]} Re8 {[%emt 0:00:40]} 29. Rxe8 {[%emt 0:04:47]} Kxe8 {[%emt 0:00:06]} 30. Ne4 {[%emt 0:00:16]} Nc6 {[%emt 0:05:11]} 31. Kc2 {[%emt 0:03:26]} Nb4+ {[%emt 0:03:36]} 32. Kd2 {[%emt 0:01:13]} Nxa2 {[%emt 0:01:55]} 33. Bf6 {[%emt 0:01:12]} Kf7 {[%emt 0:00:42]} 34. Bd8 {[%emt 0:02:13]} Nb4 {[%emt 0:00:38]} 35. Bxc7 {[%emt 0:01:55]} d5 {[%emt 0:00:06]} 36. Ng5+ {[%emt 0:05:08]} Kg8 {[%emt 0:00:05]} 37. Ne6 {[%emt 0:00:44]} dxc4 {[%emt 0:00:39]} 38. bxc4 {[%emt 0:00:27]} Kf7 {[%emt 0:03:08]} 39. Ng5+ {[%emt 0:02:44]} Kg8 {[%emt 0:00:05]} 40. Bd6 {[%emt 0:14:52]} Nc6 {[%emt 0:03:57]} 41. Ne6 {[%emt 0:53:32]} Kf7 {[%emt 0:51:41]} 42. Nxc5 {[%emt 0:01:59]} Ne5 {[%emt 0:06:49]} 43. Bxe5 {[%emt 0:00:00]} Bxe5 {[%emt 0:00:00]} 44. Kd3 {[%emt 0:00:00]} Bf4 {[%emt 0:00:00]} 45. Ke4 {[%emt 0:00:00]} Bxh6 {[%emt 0:00:00]} 46. Kd5 {[%emt 0:00:00]} Bf4 {[%emt 0:00:00]} 47. Kc6 {[%emt 0:00:00]} Kf6 {[%emt 0:00:00]} 48. Kd7 {[%emt 0:00:00]} Be3 {[%emt 0:00:00]} 49. Nd3 {[%emt 0:00:00]} Kf5 {[%emt 0:00:00]} 50. Kd6 {[%emt 0:00:00]} h5 {[%emt 0:00:00]} 51. c5 {[%emt 0:00:00]} g5 {[%emt 0:00:00]} 52. c6 {[%emt 0:00:00]} Bb6 {[%emt 0:00:00]} 53. Ne5 {[%emt 0:00:00]} g4 {[%emt 0:00:00]} 54. fxg4+ {[%emt 0:00:16]} hxg4 {[%emt 0:00:00]} 55. Nc4 {[%emt 0:00:15]} Bf2 {[%emt 0:00:00]} 56. Kd7 {[%emt 0:00:18]} 1-0

[Event "95th Caplin Hastings Congress"]
[Site "Hastings"]
[Date "2020.01.04"]
[Round "8.16"]
[White "De Boer, Bas"]
[Black "Petrov, Vladimir Sergeev"]
[Result "1/2-1/2"]
[WhiteElo "2140"]
[BlackElo "2353"]
[Annotator "TA"]
[PlyCount "156"]
[EventDate "2019.12.28"]
[EventType "swiss"]
[EventCountry "ENG"]
[SourceTitle "playchess.com"]
[Source "ChessBase"]
[SourceQuality "1"]

{[%evp 27,156,11,14,0,0,0,37,32,27,23,42,34,43,43,46,25,25,25,27,10,11,11,11,11,26,11,29,15,43,0,11,-16,-11,-27,-15,-26,-19,-25,-15,-30,-30,-32,-26,-60,-67,-54,-56,-49,-33,-37,-31,-51,0,-1,0,0,0,0,0,0,0,0,0,0,0,0,0,0,0,0,0,0,0,0,0,0,0,0,0,0,0,0,0,0,0,0,0,0,0,0,0,0,0,0,0,0,0,0,62,66,996,976,924,922,858,843,843,655,226,8,8,8,8,0,0,0,0,-8,-8,-8,0,0,0,0,0,-52,-70,-117,-8,-412,8]} 1. d4 Nf6 2. c4 e6 3. g3 d5 4. Nf3 Be7 5. Bg2 O-O 6. O-O dxc4 7. Qc2 a6 8. a4 Bd7 9. Qxc4 Bc6 10. Bg5 a5 11. Nc3 Na6 12. Rfd1 Nb4 13. Bxf6 Bxf6 14. e4 b6 15. Rac1 {E05: Open Catalan: 5 Nf3 Be7} Bb7 16. Qe2 g6 {[#]} 17. e5 $146 {White is slightly better.} ({Predecessor:} 17. h4 Bg7 18. Qe3 Qe7 19. h5 Rfd8 20. h6 Bf8 21. Ne5 c5 22. Nb5 Nc6 {1-0 (31) Gupta,A (2629)-Werle,J (2524) Hoogeveen 2015}) 17... Be7 18. h4 h5 19. Ne1 Bxg2 20. Nxg2 Kg7 21. Nf4 c6 $1 22. Ne4 Rc8 {[%cal Ba8c8,Bc8c7,Bc7d7][%mdl 32]} 23. Nh3 Rc7 24. Rd2 Rd7 25. Rcd1 Rb7 26. Nhg5 Qd5 27. Nf6 Qd8 28. Nfe4 Rd7 29. f4 Rh8 30. Nf3 Qc8 31. Rc1 Qc7 32. Kg2 Rhd8 33. Rcd1 Qb7 34. Kh3 Qa6 35. Qg2 Nd5 {Strongly threatening ...Ne3.} 36. Qe2 Qxe2 37. Rxe2 Nb4 38. Rc1 Rc7 39. Ned2 c5 40. Ne4 Rcd7 41. dxc5 Nd3 42. Rcc2 Nxc5 (42... Bxc5 {with more complications.} 43. Kg2 Bb4 44. Rc6 Bc5 45. Nf6 Ra7) 43. Nxc5 Bxc5 44. Red2 Kf8 45. Rxd7 Rxd7 46. Rd2 Rxd2 47. Nxd2 $11 {[%mdl 4096] Endgame KB-KN} Ke8 48. Ne4 Kd7 49. Kg2 Be7 50. Kf3 Kc6 51. Ke3 Kd5 52. Kd3 Bd8 53. b3 Be7 54. Nc3+ Kc5 55. Ne4+ Kb4 56. Kc2 Bc5 57. Ng5 Bf2 58. Ne4 Be1 59. Kb2 b5 60. axb5 Kxb5 61. Kc2 Kb4 62. Kb2 a4 (62... Kb5 $1 $11) 63. bxa4 $14 Kc4 $2 {[%mdl 8192]} (63... Kxa4 $14 64. Kc2 Bb4) 64. Kc2 $18 Kd4 65. Kd1 Bb4 66. Ng5 Ke3 67. Nxf7 Kf3 68. Nh8 $2 (68. Ng5+ $18 Ke3 69. Kc2) 68... Kxg3 $11 69. Nxg6 {Threatens to win with f5!} Kg4 70. Kc2 Kf5 71. Kb3 Be1 72. Nf8 Bxh4 73. Kc4 Bg3 {White must now prevent ...h4.} 74. Kd3 $1 h4 {And now ...h3 would win.} 75. Ke2 Bxf4 76. Kf2 ({Better is} 76. Nd7 $11) 76... Bxe5 $15 {...Bd4+ is the strong threat.} 77. Kg2 {[#]} Bg7 {[#]} ({Black should try} 77... Bc7 $1 $17 {aiming for ...e5.} 78. Nd7 e5) 78. Nxe6 $1 {[%mdl 8704]} Ke5 $2 {Accuracy: White = 55%, Black = 48%.} (78... Kxe6 $19 79. Kh1 Bh8) 1/2-1/2